|
|
|
|
| LEADER |
00000nab a2200000 a 4500 |
| 001 |
vtls008985555 |
| 003 |
SK-MaSNL |
| 005 |
20260303065429.0 |
| 008 |
140515 1976 xo 000 0 slo |
| 015 |
|
|
|a SNBRB1977
|
| 040 |
|
|
|a SNKBUCL
|b slo
|c SNKBUCL
|e AACR2
|
| 041 |
1 |
|
|a slo
|b rus
|b slo
|
| 044 |
|
|
|a xo
|c SK
|
| 080 |
|
|
|a 631.35:532
|2 2001
|
| 100 |
1 |
|
|a Procházka, Bohumil
|4 aut
|9 280343
|
| 245 |
1 |
0 |
|a Porovnanie mechanického a hydrostatického pohonu žacieho trávneho stroja ŽB-183 z hľadiska dynamických vlastností
|c Bohumil Procházka, Ivan Petránsky
|
| 504 |
|
|
|a Bibliogr. odkazy
|
| 546 |
|
|
|a Res. rus., slov.
|
| 650 |
0 |
7 |
|a žacie trávne stroje
|2 snkbucl
|9 1065474
|
| 650 |
0 |
7 |
|a hydrostatické pohony
|2 snkbucl
|9 940632
|
| 700 |
1 |
|
|a Petranský, Ivan,
|d 1941-2005
|4 aut
|9 117213
|
| 773 |
0 |
|
|t Poľnohospodárstvo
|g Roč. 22, č. 10 (1976), s. 1005-1020
|
| 958 |
|
|
|a NB
|
| 999 |
|
|
|c 1751163
|d 1753093
|